| 000 | 01274cam a2200277 i 4500 | ||
|---|---|---|---|
| 003 | SA-RiAUC | ||
| 005 | 20250125142902.0 | ||
| 008 | 250125s2003 le g 00010 ara c | ||
| 040 |
_aKAPL _bara _cSA-RiAUC _erda |
||
| 082 | 0 | 4 | _a215.1 |
| 090 |
_a215.1 _b ا ب ن ح |
||
| 100 | 1 |
_aابن حجر الهيتمي، أحمد بن محمد بن علي، _d909-974 هجري _eمؤلف. |
|
| 245 | 1 | 2 |
_aالمناهل العذبة في إصلاح ما وهى من الكعبة / _cأحمد بن محمد بن حجر الهيتمي ؛ تحقيق عبد الرؤوف بن محمد بن أحمد الكمالي. |
| 250 | _aالطبعة الأولى. | ||
| 264 | 1 |
_aبيروت : _bدار البشائر الإسلامية للطباعة والنشر والتوزيع، _c2003 |
|
| 300 |
_a96 صفحة ؛ _c24 سم. |
||
| 336 |
_aنص _btxt _2rdacontent _3كتاب |
||
| 337 |
_aبدون وسيط _bn _2rdamedia |
||
| 338 |
_aمجلد _bnc _2rdacarrier |
||
| 490 | 0 |
_aلقاء العشر الأواخر بالمسجد الحرام ؛ _v49 |
|
| 650 | 7 |
_aالكعبة _xتاريخ _2aucsh |
|
| 650 | 7 |
_aالكعبة _2aucsh |
|
| 700 | 1 |
_aالكمالي، عبد الرؤوف محمد أحمد _eمحقق. |
|
| 942 |
_2ddc _cBOOK _n0 |
||
| 949 |
_aSA-JeALM _d250125 _umohamedma123 _n1 |
||
| 999 |
_c5201 _d5201 |
||